Contribución al estudio de las dunas de la Península Ibérica (Record no. 138510)

MARC details
000 -LEADER
campo de control de longitud fija 00785nam a2200193 i 4500
001 - NÚMERO DE CONTROL
campo de control 138510
003 - IDENTIFICADOR DE NÚMERO DE CONTROL
campo de control ES-MaACL
005 - FECHA Y HORA DE LA ÚLTIMA TRANSACCIÓN
campo de control 20230906195559.0
007 - CAMPO FIJO DE DESCRIPCIÓN FÍSICA--INFORMACIÓN GENERAL
campo de control de longitud fija t|
008 - DATOS DE LONGITUD FIJA--INFORMACIÓN GENERAL
campo de control de longitud fija 070214s1911 sp r ||||1| spa d
100 1# - ENTRADA PRINCIPAL--NOMBRE DE PERSONA
Nombre de persona San Miguel de la Cámara, Maximino.
9 (RLIN) 102284
245 10 - MENCIÓN DEL TÍTULO
Título Contribución al estudio de las dunas de la Península Ibérica
Resto del título : tesis presentada para aspirar al grado de Doctor /
Mención de responsabilidad, etc. por Maximino San Miguel de la Cámara.
260 ## - PUBLICACIÓN, DISTRIBUCIÓN, ETC.
Lugar de publicación, distribución, etc. Madrid :
Nombre del editor, distribuidor, etc. [s. n.],
Fecha de publicación, distribución, etc. 1911 (
Fabricante Imp. de A. Marzo)
300 ## - DESCRIPCIÓN FÍSICA
Extensión 42 p., 5 p. de lám. ;
Dimensiones 25 cm.
500 ## - NOTA GENERAL
Nota general Tesis doctoral de la Universidad de Madrid, Facultad de Ciencias, leída en 1911.
650 #4 - PUNTO DE ACCESO ADICIONAL DE MATERIA--TÉRMINO DE MATERIA
Término de materia o nombre geográfico como elemento de entrada Dunas.
9 (RLIN) 157010
710 2# - ENTRADA AGREGADA--NOMBRE DE ENTIDAD CORPORATIVA
Nombre de entidad corporativa o nombre de jurisdicción como elemento de entrada Universidad Central (Madrid).
Unidad subordinada Facultad de Ciencias.
9 (RLIN) 7088
852 ## - LOCALIZACIÓN
Ubicación ES-MaACL
Número de control de estantería T-1224-F-11
Holdings
Estatus retirado Estado de pérdida Estado de daño No para préstamo Colección Biblioteca de origen Biblioteca actual Ubicación en estantería Fecha de adquisición Fuente de adquisición Total de préstamos Signatura topográfica completa Código de barras Visto por última vez Precio de reemplazo Tipo de ítem Koha
        Colección de folletos Biblioteca del Ateneo de Madrid Biblioteca del Ateneo de Madrid Depósito folletos 17/01/2008     T-1224-F-11 1144129 23/02/2023 23/02/2023 Folleto